|
|
|
|
| LEADER |
00000nab a2200000 a 4500 |
| 001 |
vtls000418234 |
| 003 |
SK-MaSNL |
| 005 |
20260303231009.0 |
| 008 |
120925c1991 xo 0 slo |
| 015 |
|
|
|a SNBRB19rr/mm-uuuuu
|
| 035 |
|
|
|a CL0418359
|
| 040 |
|
|
|a SNKBUCL
|b slo
|c SNKBUCL
|e AACR2
|
| 041 |
0 |
|
|a slo
|
| 044 |
|
|
|a xo
|c SK
|
| 080 |
|
|
|a 338.24(437)
|2 1981
|
| 100 |
1 |
|
|a Kočtúch, Hvezdoň Dušan,
|d 1929-1994
|4 aut
|9 37526
|
| 245 |
1 |
0 |
|a Zladené ekonomické dueto
|c Hvezdoň D. Kočtúch
|
| 610 |
2 |
7 |
|a Nezávislé združenie ekonómov Slovenska
|2 snkbucl
|9 31292
|
| 650 |
0 |
7 |
|a ekonomika ČSFR
|2 snkbucl
|9 952588
|
| 650 |
0 |
7 |
|a ekonomické reformy
|2 snkbucl
|9 2145
|
| 655 |
|
7 |
|a články z novín a časopisov
|2 snkbucl
|9 267496
|
| 773 |
0 |
|
|t Nové slovo
|g Roč. 33, č. 16 (1991), s. 12-13
|
| 850 |
|
|
|a Slovenská národná knižnica v Martine
|a MTA001
|
| 852 |
|
|
|a SNK
|b KIS3GCP
|
| 958 |
|
|
|a RK
|
| 992 |
|
|
|a RBX
|
| 999 |
|
|
|c 2264621
|d 2266551
|